Tvorba rezidentních programů /

Saved in:
Bibliographic Details
Main Author: Kadlec, Zdeněk (Author)
Format: Book
Language:Czech
Published: Praha : Grada Publishing, 1995
Edition:1.vyd.
Subjects:
Tags: Add Tag
No Tags, Be the first to tag this record!

MARC

LEADER 00000nam a22000003a 4500
001 stu8317
005 20200922112002.9
008 951205s1995----xr------------------cze-d
020 |a 80-7169-166-6 
040 |a STU  |b slo 
041 0 |a cze 
044 |a xr 
080 |a 681.32.06 
080 |a 519.683 
100 1 |a Kadlec, Zdeněk  |4 aut 
245 1 |a Tvorba rezidentních programů /  |c [aut.] Kadlec,Zdeněk 
250 |a 1.vyd. 
260 |a Praha :  |b Grada Publishing,  |c 1995 
300 |a 277 s 
650 7 |a programovanie  |2 stusub 
650 7 |a IBM PC  |2 stusub 
650 7 |a mikroprocesory INTEL  |2 stusub 
650 7 |a MS DOS  |2 stusub 
650 7 |a Windows  |2 stusub 
996 |b 284IK06337  |c I*16TJ4970  |l I  |s A  |a 24  |w stu8317_0001